000
00238nam a2200097Ia 4500
001
1141228
005
20250827010115.0
008
250824s9999 xx 000 0 und d
245
0
_a
HİÇ YOKTAN İYİDİR
_c
PAKİTA
260
_b
HEP KİTAP
999
_c
1141228
_d
1141228